Rizal the icon (Record no. 17805)
[ view plain ]
| 000 -LEADER | |
|---|---|
| fixed length control field | 00567nam a22002057a 4500 |
| 003 - CONTROL NUMBER IDENTIFIER | |
| control field | OSt |
| 005 - DATE AND TIME OF LATEST TRANSACTION | |
| control field | 20140310182945.0 |
| 008 - FIXED-LENGTH DATA ELEMENTS--GENERAL INFORMATION | |
| fixed length control field | 130205t xxu||||| |||| 00| 0 eng d |
| 020 ## - INTERNATIONAL STANDARD BOOK NUMBER | |
| International Standard Book Number | 9710388882 |
| 050 ## - LIBRARY OF CONGRESS CALL NUMBER | |
| Classification number | DS 675.8 |
| Item number | .D278 2010 |
| 082 ## - DEWEY DECIMAL CLASSIFICATION NUMBER | |
| Classification number | FIL 921 |
| Item number | D326 2010 |
| 245 ## - TITLE STATEMENT | |
| Title | Rizal the icon |
| Remainder of title | the alternative edition |
| Statement of responsibility, etc | de Jesus, Maria Bernadette Austria |
| 260 ## - PUBLICATION, DISTRIBUTION, ETC. (IMPRINT) | |
| Place of publication, distribution, etc | Manila |
| Name of publisher, distributor, etc | Books Atbp. Publishing |
| Date of publication, distribution, etc | c2010 |
| 300 ## - PHYSICAL DESCRIPTION | |
| Extent | 154 p. |
| Dimensions | 22 cm. |
| 521 ## - TARGET AUDIENCE NOTE | |
| Target audience note | |
| 526 ## - STUDY PROGRAM INFORMATION NOTE | |
| Reading level | 1210L-1700L |
| 541 ## - IMMEDIATE SOURCE OF ACQUISITION NOTE | |
| -- | 1 |
| 562 ## - COPY AND VERSION IDENTIFICATION NOTE | |
| Number of copies | 1 |
| 942 ## - ADDED ENTRY ELEMENTS (KOHA) | |
| Source of classification or shelving scheme | Library of Congress Classification |
| Koha item type | Books |
| Call number prefix | Filipininana |
| Withdrawn status | Lost status | Source of classification or shelving scheme | Damaged status | Home library | Current library | Shelving location | Date acquired | Total Checkouts | Full call number | Barcode | Date last seen | Copy number | Price effective from | Koha item type |
|---|---|---|---|---|---|---|---|---|---|---|---|---|---|---|
| Library of Congress Classification | College Library | College Library | Filipiniana Section | 02/05/2013 | DS 675.8 .D278 2010 | c13486 | 05/08/2018 | 1 | 02/05/2013 | Books |